Three answers to the question "what is philosophy?" : (Record no. 1797)
[ view plain ]
| 000 -LEADER | |
|---|---|
| fixed length control field | 02171cam a2200361 i 4500 |
| 001 - CONTROL NUMBER | |
| control field | data |
| 005 - DATE AND TIME OF LATEST TRANSACTION | |
| control field | 20260322212118.0 |
| 008 - FIXED-LENGTH DATA ELEMENTS--GENERAL INFORMATION | |
| fixed length control field | data |
| 035 ## - SYSTEM CONTROL NUMBER | |
| System control number | 23768691 |
| 010 ## - LIBRARY OF CONGRESS CONTROL NUMBER | |
| LC control number | 2024441711 |
| 020 ## - INTERNATIONAL STANDARD BOOK NUMBER | |
| International Standard Book Number | 9781666775846 |
| Qualifying information | paperback |
| 020 ## - INTERNATIONAL STANDARD BOOK NUMBER | |
| International Standard Book Number | 1666775843 |
| Qualifying information | paperback |
| 035 ## - SYSTEM CONTROL NUMBER | |
| System control number | (OCoLC)1426994035 |
| 040 ## - CATALOGING SOURCE | |
| Original cataloging agency | YDX |
| Language of cataloging | eng |
| Description conventions | rda |
| Transcribing agency | YDX |
| Modifying agency | DLC |
| -- | MTH |
| -- | YDX |
| -- | OCLCO |
| -- | MTH |
| -- | DLC |
| 042 ## - AUTHENTICATION CODE | |
| Authentication code | lccopycat |
| 050 00 - LIBRARY OF CONGRESS CALL NUMBER | |
| Classification number | B72 |
| Item number | .D35 2024 |
| 082 04 - DEWEY DECIMAL CLASSIFICATION NUMBER | |
| Classification number | 190 |
| Edition information | 23 |
| 100 1# - MAIN ENTRY--PERSONAL NAME | |
| Personal name | Dalton, Stuart, |
| Relator term | author. |
| 245 10 - TITLE STATEMENT | |
| Title | Three answers to the question "what is philosophy?" : |
| Remainder of title | a comedy in three acts / |
| Statement of responsibility, etc. | Stuart Dalton. |
| 264 #1 - PRODUCTION, PUBLICATION, DISTRIBUTION, MANUFACTURE, AND COPYRIGHT NOTICE | |
| Place of production, publication, distribution, manufacture | Eugene, Oregon : |
| Name of producer, publisher, distributor, manufacturer | Cascade Books, |
| Date of production, publication, distribution, manufacture, or copyright notice | [2024] |
| 300 ## - PHYSICAL DESCRIPTION | |
| Extent | xxiv, 328 pages : |
| Other physical details | illustrations (black & white) ; |
| Dimensions | 23 cm |
| 336 ## - CONTENT TYPE | |
| Content type term | text |
| Content type code | txt |
| Source | rdacontent |
| 337 ## - MEDIA TYPE | |
| Media type term | unmediated |
| Media type code | n |
| Source | rdamedia |
| 338 ## - CARRIER TYPE | |
| Carrier type term | volume |
| Carrier type code | nc |
| Source | rdacarrier |
| 504 ## - BIBLIOGRAPHY, ETC. NOTE | |
| Bibliography, etc. note | Includes bibliographical references and index. |
| 520 ## - SUMMARY, ETC. | |
| Summary, etc. | Philosophy is like a party that started over 2,500 years ago and is still going strong. When you take a philosophy class, you're invited to join this party; but walking into a party 2,500 years late can feel a little awkward. This book is meant to solve that problem. The best way to feel welcome is to focus on how funny philosophy is, simply because its ideals are so high that humans almost never manage to reach them. This book gives three answers to the question "What is philosophy?" (1) Philosophy is a conversation that has been going on for over 2,500 years which has been full of comedy from the beginning and will continue to be funny forever if we do it right. (2) Philosophy is a very awkward business that has always been on the verge of going out of business. (3) Philosophy is something that makes almost everyone write very badly. In addition to this three-act comedy the book also contains two practical guides to being happy and successful in philosophy classes. |
| 650 #0 - SUBJECT ADDED ENTRY--TOPICAL TERM | |
| Topical term or geographic name entry element | Philosophy. |
| 650 #6 - SUBJECT ADDED ENTRY--TOPICAL TERM | |
| Topical term or geographic name entry element | Philosophie. |
| 650 #7 - SUBJECT ADDED ENTRY--TOPICAL TERM | |
| Topical term or geographic name entry element | philosophy. |
| Source of heading or term | aat |
| 906 ## - LOCAL DATA ELEMENT F, LDF (RLIN) | |
| a | 7 |
| b | cbc |
| c | copycat |
| d | 2 |
| e | ncip |
| f | 20 |
| g | y-gencatlg |
| 925 0# - | |
| -- | acquire |
| -- | 1 shelf copy |
| -- | policy default |
| Withdrawn status | Lost status | Damaged status | Not for loan | Home library | Current library | Shelving location | Date acquired | Total checkouts | Full call number | Barcode | Date last seen | Price effective from | Koha item type |
|---|---|---|---|---|---|---|---|---|---|---|---|---|---|
| Franklin | Franklin | General stacks | 22/03/2026 | 190 | LOC-FRL-00033 | 22/03/2026 | 22/03/2026 | Books |